<?xml version="1.0" encoding="UTF-8"?>
<record
    xmlns:xsi="http://www.w3.org/2001/XMLSchema-instance"
    xsi:schemaLocation="http://www.loc.gov/MARC21/slim http://www.loc.gov/standards/marcxml/schema/MARC21slim.xsd"
    xmlns="http://www.loc.gov/MARC21/slim">

  <leader>00953nam a2200289Ia 4500</leader>
  <controlfield tag="003">OSt</controlfield>
  <controlfield tag="005">20250613113015.0</controlfield>
  <controlfield tag="008">210210b2009   xxu||||| |||| 00| 0 eng d</controlfield>
  <datafield tag="040" ind1=" " ind2=" ">
    <subfield code="c">AL</subfield>
  </datafield>
  <datafield tag="041" ind1=" " ind2=" ">
    <subfield code="a">Tulu</subfield>
  </datafield>
  <datafield tag="082" ind1=" " ind2=" ">
    <subfield code="a">T894.8 HEMV</subfield>
  </datafield>
  <datafield tag="100" ind1=" " ind2=" ">
    <subfield code="a">HEMAVATI HEGGADE (V)</subfield>
    <subfield code="d">&#xCB9;&#xCC7;&#xCAE;&#xCBE;&#xCB5;&#xCA4;&#xCBF; &#xCB9;&#xCC6;&#xC97;&#xCCD;&#xC97;&#xCA1;&#xCC6; (&#xCB5;&#xCBF;)</subfield>
    <subfield code="9">214853</subfield>
  </datafield>
  <datafield tag="245" ind1=" " ind2=" ">
    <subfield code="a">Vishva Tulu sammeLano 2009 nempu sanchi: kodipu</subfield>
    <subfield code="b">&#xCB5;&#xCBF;&#xCB6;&#xCCD;&#xCB5; &#xCA4;&#xCC1;&#xCB3;&#xCC1; &#xCB8;&#xCAE;&#xCCD;&#xCAE;&#xCC7;&#xCB3;&#xCA8; 2009 &#xCA8;&#xCC6;&#xC82;&#xCAA;&#xCC1; &#xCB8;&#xC82;&#xC9A;&#xCBF;: &#xC95;&#xCCA;&#xCA1;&#xCBF;&#xCAA;&#xCC1; </subfield>
  </datafield>
  <datafield tag="260" ind1=" " ind2=" ">
    <subfield code="a">Ujire</subfield>
    <subfield code="b">Vishva Tulu SammeLano 2009</subfield>
    <subfield code="c">2009</subfield>
  </datafield>
  <datafield tag="300" ind1=" " ind2=" ">
    <subfield code="a">xi,249</subfield>
  </datafield>
  <datafield tag="650" ind1=" " ind2=" ">
    <subfield code="a">Vishva</subfield>
    <subfield code="9">214854</subfield>
  </datafield>
  <datafield tag="650" ind1=" " ind2=" ">
    <subfield code="a">TuLU</subfield>
    <subfield code="9">214855</subfield>
  </datafield>
  <datafield tag="650" ind1=" " ind2=" ">
    <subfield code="a">sanchi:</subfield>
    <subfield code="9">214856</subfield>
  </datafield>
  <datafield tag="650" ind1=" " ind2=" ">
    <subfield code="a">sammELano</subfield>
    <subfield code="9">214857</subfield>
  </datafield>
  <datafield tag="650" ind1=" " ind2=" ">
    <subfield code="a">nempu</subfield>
    <subfield code="9">214858</subfield>
  </datafield>
  <datafield tag="650" ind1=" " ind2=" ">
    <subfield code="a">koDipu</subfield>
    <subfield code="9">214859</subfield>
  </datafield>
  <datafield tag="650" ind1=" " ind2=" ">
    <subfield code="a">2009:</subfield>
    <subfield code="9">214860</subfield>
  </datafield>
  <datafield tag="690" ind1=" " ind2=" ">
    <subfield code="a">Tulu Miscellaneous</subfield>
    <subfield code="9">214861</subfield>
  </datafield>
  <datafield tag="700" ind1=" " ind2=" ">
    <subfield code="a">VAMANA NANDAVARA Ed</subfield>
    <subfield code="d"> &#xCB5;&#xCBE;&#xCAE;&#xCA8; &#xCA8;&#xC82;&#xCA6;&#xCB5;&#xCB0;</subfield>
    <subfield code="9">214862</subfield>
  </datafield>
  <datafield tag="906" ind1=" " ind2=" ">
    <subfield code="a">064625</subfield>
  </datafield>
  <datafield tag="942" ind1=" " ind2=" ">
    <subfield code="2">ddc</subfield>
    <subfield code="c">BK</subfield>
  </datafield>
  <datafield tag="999" ind1=" " ind2=" ">
    <subfield code="c">142897</subfield>
    <subfield code="d">142897</subfield>
  </datafield>
  <datafield tag="952" ind1=" " ind2=" ">
    <subfield code="0">0</subfield>
    <subfield code="1">0</subfield>
    <subfield code="4">0</subfield>
    <subfield code="7">0</subfield>
    <subfield code="8">Tulu</subfield>
    <subfield code="a">AL</subfield>
    <subfield code="b">AL</subfield>
    <subfield code="c">Tulu Literature</subfield>
    <subfield code="d">2021-02-17</subfield>
    <subfield code="e">Vishva Tulu sammELano 2009</subfield>
    <subfield code="g">200.00</subfield>
    <subfield code="l">0</subfield>
    <subfield code="o">T894.8 HEMV</subfield>
    <subfield code="p">064625</subfield>
    <subfield code="r">2021-02-17 00:00:00</subfield>
    <subfield code="w">2021-02-17</subfield>
    <subfield code="y">BK</subfield>
  </datafield>
</record>
